Sports Quiz

Random Sports or NHL Quiz

1998 Nashville Predators 1st RS game roster Quiz Stats

Quiz not verified by Sporcle

Also try: NHL Captains
Challenge
Share
Tweet
Embed
Score 0/20 Timer 03:00
0 Plays Today
Answer % Correct
Tom Fitzgerald
95%
Patrick Kjellberg
95%
Sergei Krivokrasov
92.5%
Jay More
92.5%
Mike Dunham
92.5%
Bob Boughner
90%
Patrick Cote
90%
Jamie Heward
90%
Greg Johnson
90%
Denny Lambert
90%
Answer % Correct
Blair Atcheynum
87.5%
Joel Bouchard
85%
Brad Smyth
82.5%
J.J. Daigneault
80%
Scott Walker
77.5%
Darren Turcotte
75%
Jeff Nelson
72.5%
John Slaney
72.5%
Andrew Brunette
65%
Tomas Vokoun
45%

You're not logged in!

Compare scores with friends on all Sporcle quizzes.
Join for Free
OR
Log In

You Might Also Like...

Show Comments

Extras

Top Quizzes Today


Score Distribution

Your Account Isn't Verified!

In order to create a playlist on Sporcle, you need to verify the email address you used during registration. Go to your Sporcle Settings to finish the process.

Report this User

Report this user for behavior that violates our Community Guidelines.

Details: